Fotocopias

Uloženo v:
Podrobná bibliografie
Hlavní autor: Berger, John (Autor)
Médium: Kniha
Jazyk:španělština
Vydáno: Buenos Aires Alfaguara 2007
Vydání:1a. ed
Témata:
Tagy: Přidat tag
Žádné tagy, Buďte první, kdo vytvoří štítek k tomuto záznamu!

MARC

LEADER 00000nam a2200000 a 4500
001 UCI5394
003 CL-VaPUC
008 080328e20070000AG |||||||||||||||||spa|d
020 |a 9789870406617 
082 0 4 |a 823  |b BER  |2 21 
100 0 |a Berger, John  |e author  |9 527740 
245 1 0 |a Fotocopias 
250 |a 1a. ed 
300 |a 168 p 
942 |c BK 
945 |d 20080328 00:00:00  |a rbrito 
260 |a Buenos Aires  |b Alfaguara  |c 2007 
650 0 |a Cuentos ingleses  |9 265135 
650 7 |a NARRATIVA INGLESA  |2 CL-VaPUC  |9 527741 
583 |a last modification  |c 20080328 00:00:00  |k Rodrigo Vera 
999 |c 329144  |d 329142 
952 |0 0  |1 0  |4 0  |6 823_000000000000000_BER_2007  |7 0  |8 A  |9 413485  |a BIBART  |b BIBART  |d 2019-11-22  |i 4418131  |o 823 BER 2007  |p 4418131  |r 2025-03-13  |w 2019-11-22  |y BK  |k ART